000
00220 a2200085 4500
082
_a
891.4391 ANS
100
_a
Ansari, Abid
245
_a
Sukhan Sukhan Suraj
_c
Abid Ansari
260
_a
Lahore :
_b
Suraj Publishing Beauro
_c
1994
300
_a
127p. ;
_c
24 cm
999
_c
1841
_d
1841